Geography Quiz

Random Geography or State Quiz

US State Ranking Showdown Quiz Stats

 Plays Quiz Updated Dec 23, 2015

Also try: Strange Places
Challenge
Share
Tweet
Embed
Score 0/30 Timer 12:00
5 Plays Today
% Correct
Alaska
95.5%
California
76.9%
Rhode Island
75.6%
Delaware
73.4%
Hawaii
72.3%
Texas
67.6%
New York
65.3%
Montana
57.9%
Wyoming
56%
Florida
54.6%
New Jersey
48.4%
Vermont
42.7%
Connecticut
42.1%
Pennsylvania
41.4%
Arizona
40.3%
% Correct
New Mexico
37.3%
Georgia
36.9%
Colorado
36.7%
Massachusetts
34.2%
Maryland
33.6%
Illinois
30.9%
New Hampshire
30.8%
North Dakota
30.6%
Ohio
26.8%
Louisiana
25.9%
South Carolina
24.4%
Nevada
23.6%
Minnesota
22.9%
Washington
21.3%
Virginia
21.1%

You're not logged in!

Compare scores with friends on all Sporcle quizzes.
OR
Log In

You Might Also Like...

Show Comments

Extras

Top Quizzes Today


Score Distribution

Your Account Isn't Verified!

In order to create a playlist on Sporcle, you need to verify the email address you used during registration. Go to your Sporcle Settings to finish the process.

Report this User

Report this user for behavior that violates our Community Guidelines.

Details: